O-Letter Subdivisions of North America - Statistics

General Stats
  • This quiz has been taken 28 times
  • The average score is 7 of 9
Answer Stats
Country Subdivision Type Answer % Correct
United States State Oklahoma
100%
Canada Province Ontario
100%
United States State Oregon
100%
United States State Ohio
89%
Mexico State Oaxaca
84%
Belize District Orange Walk
58%
Honduras Department Olancho
53%
Haiti Department Ouest
53%
Honduras Department Ocotepeque
42%
No matching quizzes found
Score Distribution
Percent of People with Each Score
Percentile by Number Answered
Your Score History
You have not taken this quiz